| 000 | 00000nas 2200000za 4500 |
| 001 | 9.502305 |
| 003 | CaOODSP |
| 005 | 20230824142816 |
| 007 | cr ||||||||||| |
| 008 | 150406d20052008xxc|| p o||||f| |0fre|d |
| 040 | |aCaOODSP|bfre |
| 043 | |an-cn--- |
| 086 | 1 |aPS61-16F-PDF |
| 110 | 2 |aGendarmerie royale du Canada.|eauteur, |eorganisme de publication. |
| 245 | 10|aCompte rendu sur les enfants disparus / |cServices nationaux de police, Services nationaux des enfants disparus. |
| 264 | 1|aOttawa, Ontario : |bGendarmerie royale du Canada, |c2005-2009. |
| 310 | |aAnnuel |
| 362 | 1 |aParaît depuis 2005; ne paraît plus après 2008. |
| 500 | |aFait suite à: Services nationaux des enfants disparus, compte rendu, [2003-2004]. |
| 691 | 07|aViolence faite aux enfants|2gcpds |
| 691 | 07|aSécurité de l'enfant|2gcpds |
| 691 | 07|aService de police|2gcpds |
| 775 | 08|tMissing children reference report / |w(CaOODSP)9.505903 |